00420nam a2200145Ia 4500008004100000082001200041082000800053245005500061245001500116260001500131300000900146942000800155999001900163952009200182231017s9999 xx 000 0 und d a388.409 bBAN 0aDeveloping Rural Transport Policies and Strategies 0cWorld Bank bWorld Bank c30cm cREP c604208d604208 00104070aNITbNITd2023-10-17l0o388.409 BANpNIT-3370r2023-10-17w2023-10-17yREP